000
00204 a2200097 4500
001
15624
100
_a
Huqqi, Bros
245
_a
Map of Karachi
260
_a
karachi
_b
Haqqi Bros
_c
090
_c
12193
_d
12193
942
_a
NUST-CAE
_c
M
_c
2440
999
_c
250697
_d
250697